Developing of aryl glycosides acylation methods; Химия и химическая технология в XXI веке

Dades bibliogràfiques
Parent link:Химия и химическая технология в XXI веке.— 2020.— [С. 510-511]
Autor principal: Avetian D. L. David Ludvigovich
Autor corporatiu: Национальный исследовательский Томский политехнический университет Исследовательская школа химических и биомедицинских технологий
Altres autors: Stepanova E. V. Elena Vladimirovna (научный руководитель)
Sumari:Заглавие с экрана
Idioma:anglès
Publicat: 2020
Col·lecció:Химия и химическая технология на иностранном языке
Matèries:
Accés en línia:http://earchive.tpu.ru/handle/11683/63488
Format: MixedMaterials Electrònic Capítol de llibre
KOHA link:https://koha.lib.tpu.ru/cgi-bin/koha/opac-detail.pl?biblionumber=631979

MARC

LEADER 00000naa2a2200000 4500
001 631979
005 20231101133705.0
035 |a (RuTPU)RU\TPU\conf\33680 
035 |a RU\TPU\conf\33677 
090 |a 631979 
100 |a 20200929d2020 k y0rusy50 ba 
101 0 |a eng 
102 |a RU 
105 |a y z 101zy 
135 |a drgn ---uucaa 
181 0 |a i  
182 0 |a b 
200 1 |a Developing of aryl glycosides acylation methods  |f D. L. Avetian  |g sci. adv. E. V. Stepanova 
203 |a Текст  |c электронный 
225 1 |a Химия и химическая технология на иностранном языке 
230 |a 1 компьютерный файл (pdf; 977 Kb) 
300 |a Заглавие с экрана 
320 |a [Библиогр.: с. 511 (7 назв.)] 
463 0 |0 (RuTPU)RU\TPU\conf\32967  |t Химия и химическая технология в XXI веке  |o материалы XXI Международной научно-практической конференции студентов и молодых ученых имени выдающихся химиков Л. П. Кулёва и Н. М. Кижнера, посвященной 110-летию со дня рождения профессора А. Г. Стромберга, 21–24 сентября 2020 г., г. Томск  |f Национальный исследовательский Томский политехнический университет  |v [С. 510-511]  |d 2020 
610 1 |a электронный ресурс 
610 1 |a труды учёных ТПУ 
610 1 |a ацилирование 
610 1 |a арилгликозиды 
610 1 |a органические соединения 
610 1 |a биологическая активность 
610 1 |a экстракция 
700 1 |a Avetian  |b D. L.  |c Chemical engineer  |c Engineer of Tomsk Polytechnic University  |f 1995-  |g David Ludvigovich  |2 stltpush  |3 (RuTPU)RU\TPU\pers\46600 
702 1 |a Stepanova  |b E. V.  |c chemist  |c engineer of Tomsk Polytechnic University  |f 1978-  |g Elena Vladimirovna  |2 stltpush  |4 727 
712 0 2 |a Национальный исследовательский Томский политехнический университет  |b Исследовательская школа химических и биомедицинских технологий  |c (2017- )  |h 8120  |2 stltpush  |3 (RuTPU)RU\TPU\col\23537 
801 2 |a RU  |b 63413507  |c 20201125  |g RCR 
856 4 |u http://earchive.tpu.ru/handle/11683/63488 
942 |c BK